000 00269nam a22001217a 4500
082 _a070.43 DOU'I
100 _aDOUGALL, C. D MAC
_977831
245 _aINTERPRETATIVE REPORTING
250 _a6TH
260 _aNEWYORK
_bMACMILLAN
_c1972
300 _a536P
942 _cBK
999 _c583040
_d583040